Statistics for 10 Biggest Cities in Order: California

Click here to take the quiz!

General Stats

  • This quiz has been taken 145 times
  • The average score is 8 of 10

Answer Stats

#Answer% Correct
1Los Angeles
100%
2San Diego
96%
4San Francisco
90%
3San Jose
85%
5Fresno
81%
6Sacramento
80%
8Oakland
71%
7Long Beach
68%
9Bakersfield
61%
10Anaheim
55%

Score Distribution

Percentile by Number Answered

Percent of People with Each Score

Your Score History

You have not taken this quiz